000 00589nam a2200217Ia 4500
003 GCL
008 140319s9999 xx 000 0 eng d
040 _aGCL /
_cGCL
082 0 4 _a782.421613
_bL S
100 1 _aLUBOFF, PAT
245 1 0 _a88 SONG WRITING WRONGS & HOW TO RIGHT THEM:CONCRETE WAYS TO IMPROVE YOUR SONGWRITING /
_cLUBOFF, PAT
700 1 _aLUBOFF, PETE
260 _a[S.N] :
_bWRITER,S DIGEST BOOKS ،
_c1992
300 _a145 P
650 0 4 _aARTS
650 0 4 _aMUSIC
650 0 4 _aPOPULAR - MUSIC
650 0 4 _aSONGS
650 0 4 _aMUSIC - TRADE
942 _2ddc
_cBK
999 _c15660
_d15660